| 000 | 00000nas 2200000zi 4500 |
| 001 | 9.946659 |
| 003 | CaOODSP |
| 005 | 20250228103638 |
| 006 | m o d f |
| 007 | cr cn |||||||| |
| 008 | 250109c20229999onchr p o f0###a0eng d |
| 022 | |a2819-0092 |
| 040 | |aCaOODSP|beng|erda|cCaOODSP |
| 043 | |an-cn--- |
| 086 | 1 |aPS72-3E-PDF|zPS74-20/2022E-PDF |
| 110 | 2 |aCanadian Security Intelligence Service.|eauthor, |eissuing body. |
| 222 | 0|aCSIS diversity, equity and inclusion strategy |
| 245 | 10|aCSIS diversity, equity and inclusion strategy. |
| 246 | 3 |aCanadian Security Intelligence Service diversity, equity and inclusion strategy |
| 264 | 1|aOttawa, ON : |bCanadian Security Intelligence Service = Service canadien du renseignement de sécurité, |c[2022]- |
| 310 | |aTriennial |
| 336 | |atext|btxt|2rdacontent |
| 337 | |acomputer|bc|2rdamedia |
| 338 | |aonline resource|bcr|2rdacarrier |
| 362 | 1 |aBegan with: 2022. |
| 500 | |aIssued also in French under title: Stratégie d'équité, de diversité et d'inclusion du SCRS. |
| 588 | |aDescription based on: 2022. |
| 588 | |aLatest issue consulted: 2022. |
| 610 | 20|aCanadian Security Intelligence Service|vPeriodicals. |
| 650 | 0|aDiversity in the workplace|xGovernment policy|zCanada|vPeriodicals. |
| 655 | 7|aPeriodicals|2lcgft |
| 775 | 08|tStratégie d'équité, de diversité et d'inclusion du SCRS.|w(CaOODSP)9.946658 |